Tratado de geografía física

Guardat en:
Dades bibliogràfiques
Autor principal: De Martonne, Emmanuel (Autor)
Format: Llibre
Idioma:espanyol
Publicat: Barcelona Juventud 1973
Edició:2a. ed
Matèries:
Etiquetes: Afegir etiqueta
Sense etiquetes, Sigues el primer a etiquetar aquest registre!

MARC

LEADER 00000nam a2200000 a 4500
001 UCU2036
003 CL-VaPUC
008 960419e19730000SP |||||||||||||||||spa|d
082 0 4 |a 910.02  |b DEM  |2 21 
100 0 |a De Martonne, Emmanuel  |e author  |9 357868 
245 1 0 |a Tratado de geografía física 
250 |a 2a. ed 
300 |a v 
942 |c BK 
945 |d 19960419 00:00:00  |a lriquelm 
260 |a Barcelona  |b Juventud  |c 1973 
500 |a v.1: Nociones generales clima-hidrografía 
650 0 |a Geografía  |9 259346 
650 0 |a Geografía física   |9 259347 
650 0 |a Ciencias de la tierra  |9 261541 
650 0 |a Topografía   |9 260423 
650 0 |a Suelos  |9 260322 
650 7 |a TIERRA  |2 CL-VaPUC  |9 261538 
583 |a last modification  |c 19960419 00:00:00  |k Rodrigo Vera 
999 |c 246438  |d 246436 
952 |0 0  |1 0  |4 0  |6 910_020000000000000_DEM_1973  |7 0  |8 A  |9 261411  |a BIBING  |b BIBING  |d 2019-11-19  |h v.1  |i 2017350  |l 1  |o 910.02 DEM 1973  |p 2017350  |r 2025-01-20  |s 2021-08-27  |w 2019-11-19  |y BK  |k GEO